| 000 | 00531nam a2200169Ia 4500 | ||
|---|---|---|---|
| 008 | 231221s9999 xx 000 0 und d | ||
| 041 | _aEnglish | ||
| 082 | _a001.6424JAV HOR1.2; | ||
| 100 | _aHorstmann, Cay SCornell, Gary | ||
| 245 | 0 | _aCore Java 2 V2 : advanced features (covers J2SE 1.3/1.4) versions | |
| 260 |
_c2002 _bPearson Education _aNew Delhi |
||
| 300 | _axxvi+1204 | ||
| 300 | _c25654 | ||
| 500 | _awith book 25653 | ||
| 650 | _aCore,Java,2,V2,:,advanced,features,(covers,J2SE,1.3/1.4),versions | ||
| 942 | _cCD | ||
| 999 |
_c202751 _d202751 |
||